| 000 | 00638cam a2200217 a 4500 | ||
|---|---|---|---|
| 020 | _a0140513833 | ||
| 040 | _cDLC | ||
| 082 | 0 | 0 | _a781 PEN 1998 A088 Or. |
| 100 | 1 | _aCook, Richard, | |
| 245 | 1 | 4 | _aThe Penguin guide to jazz on compact disc / |
| 246 | 1 | 4 | _aPenguin guide to jazz on CD |
| 250 | _a4th ed., completely rev. and updated. | ||
| 260 |
_aLondon ; _aNew York : _bPenguin Books, _c1998. |
||
| 300 |
_axi, 1745 p. ; _c24 cm. |
||
| 500 | _aIncludes index. | ||
| 650 | 0 | _aJazz | |
| 650 | 0 | _aCompact discs | |
| 700 | 1 | _aMorton, Brian, | |
| 856 | 4 | 2 | _uhttp://www.loc.gov/catdir/enhancements/fy1209/99191447-b.html |
| 942 | _cEK | ||
| 999 |
_c14327 _d14327 |
||